<Die> Konjunktur schwächt sich ab thesen zum Kieler Konjunkturgespräch

Guardado en:
Detalles Bibliográficos
Formato: Libro
Lenguaje:alemán
Publicado: Kiel Institut für Weltwirtschaft 1984
Colección:Kieler Diskussionsbeiträge 102
Etiquetas: Agregar Etiqueta
Sin Etiquetas, Sea el primero en etiquetar este registro!

MARC

LEADER 00000nam a2200000 4500
001 c112813
005 20181203150321.2
041 0 |a ger 
044 |a DE 
245 1 0 |a <Die> Konjunktur schwächt sich ab  |b thesen zum Kieler Konjunkturgespräch 
264 1 |a Kiel  |b Institut für Weltwirtschaft  |c 1984 
300 |a 30 s. 
490 1 |a Kieler Diskussionsbeiträge  |v 102 
830 0 |a Kieler Diskussionsbeiträge  |v 102